Statistiques concernant Les albums de chanteuses les plus vendus au monde

Cliquez ici pour prendre le quiz!

Statistiques générales

  • Ce quiz a été pris 56 fois
  • Le résultat moyen est 18 sur 40

Statistiques - réponses

En Millions d'exemplairesNom de l'albumAnnéeArtiste% Correct
20 MillionsOops!... I Did It Again2000Britney Spears
91%
30 Millions...Baby One More Time1999Britney Spears
91%
44 MillionsThe Bodyguard1992Whitney Houston
78%
20 MillionsWhitney1987Whitney Houston
78%
25 MillionsWhitney Houston1985Whitney Houston
78%
20 MillionsThe Colour of My Love1993Celine Dion
73%
32 MillionsFalling into You1996Celine Dion
73%
31 MillionsLet's Talk About Love1997Celine Dion
73%
22 MillionsAll the Way... A Decade of Song1999Celine Dion
73%
25 MillionsLike a Virgin1984Madonna
73%
20 MillionsRay of Light1998Madonna
73%
30 MillionsThe Immaculate Collection1990Madonna
73%
26 MillionsTrue Blue1986Madonna
73%
20 Millions252015Adele
67%
35 Millions212011Adele
67%
20 MillionsBack to Black2006Amy Winehouse
60%
20 MillionsJanet Jackson's Rhythm Nation 18141989Janet Jackson
58%
20 MillionsJanet.1993Janet Jackson
58%
20 MillionsThe Fame2008Lady Gaga
58%
20 MillionsSpiceworld1997Spice Girls
56%
30 MillionsSpice1996Spice Girls
56%
32 MillionsMusic Box1993Mariah Carey
44%
25 MillionsDaydream1995Mariah Carey
44%
20 MillionsTracy Chapman1988Tracy Chapman
36%
20 MillionsThe Miseducation of Lauryn Hill1998Lauryn Hill
31%
20 MillionsBelieve1998Cher
27%
20 MillionsPrivate Dancer1984Tina Turner
22%
20 MillionsLaundry Service2001Shakira
20%
20 MillionsUp!2002Shania Twain
20%
20 MillionsThe Woman in Me1995Shania Twain
20%
20 MillionsThe Woman in Me1995Shania Twain
20%
40 MillionsCome On Over1997Shania Twain
20%
22 MillionsShe's So Unusual1983Cyndi Lauper
13%
33 MillionsJagged Little Pill1995Alanis Morissette
11%
20 MillionsGuilty1980Barbra Streisand
11%
26 MillionsCome Away with Me2002Norah Jones
9%
20 MillionsLet Go2002Avril Lavigne
7%
25 MillionsTapestry1971Carole King
2%
23 MillionsCrazySexyCool1994TLC
2%
20 MillionsSecrets1996Toni Braxton
0%

Distribution des résultats

Percentile par nombre de réponses

% des personnes avec chaque résultat

Votre développement - résultats

Vous n’avez pas pris ce quiz